| 000 | 00898nam a22002657a 4500 | ||
|---|---|---|---|
| 003 | OSt | ||
| 005 | 20231207124610.0 | ||
| 008 | 110301s2018 dr a 000 0 spa d | ||
| 020 | _a9789945195934 | ||
| 040 |
_aDO-SdBNP _bspa _cBPMSU |
||
| 082 | 4 |
_aCu863.5 _bG993L 2018 _222 |
|
| 100 | 1 | _aGuzmán, Miguelle | |
| 245 | 1 | 0 |
_aLilibeth y la estrella fugaz / _cMichelle Guzmán ; ilustraciones Yatxel Sánchez |
| 260 |
_aSanto Domingo : _bLoqueleo, _bSantillana infantil y juvenil, _c2018. |
||
| 300 |
_a30 p. : _bils. ; _c20 cm. |
||
| 490 |
_aNaranja; _aNarrativa fantástica, _v10 |
||
| 500 | _aIncluye datos biográficos de la autora. | ||
| 521 | _aA partir de 10 años | ||
| 590 | _aInventariado, 2023/VM | ||
| 650 | 4 | _aCuentos infantiles cubanos | |
| 650 | 4 | _aLiteratura Infantil cubana | |
| 700 | 1 |
_aSánchez, Yatxel _eils. |
|
| 910 | _aVMateo V. Control de calidad. BPMSU | ||
| 942 |
_2ddc _cBK |
||
| 999 |
_c14502 _d14502 |
||